| 000 | 00497cam a2200193ua 4500 | ||
|---|---|---|---|
| 020 | _cRs 3.50 | ||
| 041 |
_aeng _h |
||
| 082 |
_a320.58G _bGAN/EC |
||
| 100 | _aGandhi, M K. | ||
| 245 |
_aEconomic and industrial life and relations, Vol.1 / _cM K Gandhi. _hTextual Documents |
||
| 260 |
_aAhmadabad : _bNavajivan publishing house , _c1959. |
||
| 300 | _a202 ; . | ||
| 362 | 0 | _aVol 1- | |
| 365 | _aRs 3.50 | ||
| 504 | _a | ||
| 650 | _aGandhiana | ||
| 942 | _cBK | ||
| 999 |
_c1056 _d1056 |
||